000 00242nam a22000857a 4500
008 160712b xxu||||| |||| 00| 0 eng d
100 _92622
_a Dreamland
245 _aThe Sly Fox and the Little Red Hen
260 _aNew Delhi
_bDreamland Publication
999 _c2276
_d2276